Loreto College Library, Kolkata
WEBOPAC (ONLINE PUBLIC ACCESS CATALOGUE)

Bangla nataker itihas (Record no. 42362)

MARC details
000 -LEADER
fixed length control field 00550nam a22002057a 4500
005 - DATE AND TIME OF LATEST TRANSACTION
control field 20190817161909.0
008 - FIXED-LENGTH DATA ELEMENTS--GENERAL INFORMATION
fixed length control field 190817b xxu||||| |||| 00| 0 eng d
020 ## - ISBN | অাই এস বি এন
ISBN | অাই এস বি এন 9788129522146
PRICE Rs.400.00
040 ## - CATALOGING SOURCE
Original cataloging agency Loreto College
041 ## - LANGUAGE CODE
Language code Bengali
082 ## - DDC | ডিউই
Classification number | বর্গসংখ্যা 891.442
Book Number | গ্রন্থাঙ্ক GHO
100 ## - MAIN ENTRY--PERSONAL NAME | মুখ্য সংলেখ - ব্যাক্তিনাম
Personal name | ব্যাক্তিনাম Ghosh,Ajitkumar
245 ## - TITLE STATEMENT | অাখ্যা বিবরণী
Title | অাখ্যা Bangla nataker itihas
Statement of responsibility | লেখকের দায়িত্বের বিবরণ Ajitkumar Ghosh
260 ## - IMPRINT | প্রকাশনা ক্ষেত্র
Place of publication | প্রকাশ স্থান Kolkata
Name of publisher | প্রকাশকের নাম Dey's Publishing
Date of publication | প্রকাশ কাল 2016
300 ## - PHYSICAL DESCRIPTION |
Page / Vol. No | পৃষ্ঠা / খন্ড সংখ্যা 536p
Other physical details | অনান্য বাহ্যিক বিবরণ 22cm
504 ## - BIBLIOGRAPHY, ETC. NOTE
Bibliography, etc Includes index
650 ## - SUBJECT ADDED ENTRY--TOPICAL TERM | বিষয় শিরোনাম - মূল বিষয়
Topical term | মূল বিষয় Drama,Bengali - History and criticism
850 ## - HOLDING INSTITUTION
Holding institution LCLIB
942 ## - ADDED ENTRY ELEMENTS (KOHA)
Koha item type Books
Holdings
Withdrawn status Lost status Source of classification Damaged status Not for loan Home library Current library Date acquired Price Total Checkouts Full call number Accession No. Date last seen Date checked out Price effective from Koha item type
    Dewey Decimal Classification     Loreto College Loreto College 17/08/2019 400.00 1 891.442 GHO 53180 46384 15/01/2024 02/01/2024 17/08/2019 Books